000 00795cab a2200277 4500
001 ABS54527
008 090401t1995 xxu||||| |||| 00| 0 eng d
035 _a(Sirsi) u10971
041 _aeng
100 _aHarris, A.
245 2 _aA view of the survey and record provisions of PPG15
260 _c1995
350 _a0
490 _aRICS Building Conservation Journal
_v(13) Winter 1995, 12-13(2)
520 _aProvides an overview of PPG15 and assessment of buildings for historic worth.
650 _aCONSERVATION AREAS
650 _aHISTORIC BUILDINGS
650 _aLISTED BUILDINGS
650 _aPLANNING POLICY GUIDANCE NOTES
650 _aPPG15
650 _aPPG16
690 _aCONSERVATION
690 _aPLANNING LAW AND PRACTICE
942 _n0
948 _c04/03/1997
999 _c6991
_d6991